000 00340 a2200169 4500
001 186465
020 _a85-08-04719-3
040 _cMagnum
100 _aRocha, Ruth
240 1 0 _aBorba, o gato
_lpor
245 1 0 _aBorba, o gato
300 _a40
362 0 _a2003
440 1 _aÁtica
697 _aLITERATURA INFANTIL
942 _cBK
999 _c186465
_d186465